Viết nhạc trên máy vi tính với Encore 4.21
Salvato in:
| Autore principale: | |
|---|---|
| Natura: | Libro |
| Lingua: | Undetermined |
| Pubblicazione: |
Hà Nội
Thanh Niên
2000
|
| Soggetti: | |
| Tags: |
Aggiungi Tag
Nessun Tag, puoi essere il primo ad aggiungerne! !
|
| Thư viện lưu trữ: | Trung tâm Học liệu Trường Đại học Cần Thơ |
|---|
| LEADER | 00559nam a2200193Ia 4500 | ||
|---|---|---|---|
| 001 | CTU_40382 | ||
| 008 | 210402s9999 xx 000 0 und d | ||
| 020 | |b 21.000đ | ||
| 082 | |a 005.137 | ||
| 082 | |b H107e | ||
| 100 | |a Nguyễn Hạnh | ||
| 245 | 0 | |a Viết nhạc trên máy vi tính với Encore 4.21 | |
| 245 | 0 | |c Nguyễn Hạnh | |
| 260 | |a Hà Nội | ||
| 260 | |b Thanh Niên | ||
| 260 | |c 2000 | ||
| 650 | |a encore ( computer program language ) | ||
| 904 | |i Minh, 010302 | ||
| 980 | |a Trung tâm Học liệu Trường Đại học Cần Thơ | ||